Central Library OPAC University of Rajshahi

War, peace, and international politics / (Record no. 58969)

MARC details
000 -LEADER
fixed length control field 00791nam a2200265 a 4500
001 - CONTROL NUMBER
control field 58969
003 - CONTROL NUMBER IDENTIFIER
rucl marc code BD-RjUL
005 - DATE AND TIME OF LATEST TRANSACTION
control field 20211209080659.0
008 - FIXED-LENGTH DATA ELEMENTS--GENERAL INFORMATION
fixed length control field 831214s1984 maub b 001 0 eng
020 ## - INTERNATIONAL STANDARD BOOK NUMBER
International Standard Book Number 0316987727 (pbk.)
035 ## - SYSTEM CONTROL NUMBER
System control number (BD-RjUL)59093
040 ## - CATALOGING SOURCE
Original cataloging agency DLC
Transcribing agency DLC
Modifying agency BD-RjUL
Language of cataloging eng
041 ## - LANGUAGE CODE
Language code of text/sound track or separate title eng
082 00 - DEWEY DECIMAL CLASSIFICATION NUMBER
Classification number 327.0904
Edition number 23
Author mark and year ZiW 1984
100 1# - MAIN ENTRY--PERSONAL NAME
Personal name Ziegler, David W.
9 (RLIN) 175347
245 10 - TITLE STATEMENT
Title War, peace, and international politics /
Statement of responsibility, etc. David W. Ziegler.
250 ## - EDITION STATEMENT
Edition statement 3rd ed.
260 ## - PUBLICATION, DISTRIBUTION, ETC. (IMPRINT)
Place of publication, distribution, etc. Boston :
Name of publisher, distributor, etc. Little, Brown,
Date of publication, distribution, etc. c1984.
300 ## - PHYSICAL DESCRIPTION
Pagination xix, 458 p. :
Illustrations ill. ;
Size 23 cm.
504 ## - BIBLIOGRAPHY, ETC. NOTE
Bibliography, etc Includes bibliographical references and index.
650 #0 - SUBJECT ADDED ENTRY--TOPICAL TERM
Topical term or geographic name as entry element International relations.
9 (RLIN) 172346
Topical term or geographic name as entry element War (International law)
9 (RLIN) 175348
Topical term or geographic name as entry element Peace.
9 (RLIN) 175349
942 ## - ADDED ENTRY ELEMENTS (KOHA)
Source of classification or shelving scheme Dewey Decimal Classification
Koha item type Books
Holdings
Lost status Source of classification or shelving scheme Damaged status Not for loan Collection code Permanent Location Current Location Shelving location Date acquired Total Checkouts Full call number Date last seen Copy number Koha item type
  Dewey Decimal Classification   Not For Loan Non-fiction Central Library, University of Rajshahi Central Library, University of Rajshahi Reading Room 29/05/1988   327.0904 ZIW 1984 20/12/2016 C-1 Books